[Event "Attica-ch U18 13"]
[Site "Athens"]
[Date "2012.12.23"]
[Round "2.3"]
[White "Fakoudis, Ioannis"]
[Black "Tzavaras, Stefanos"]
[Result "1-0"]
[WhiteElo "1840"]
[BlackElo "1475"]
[PlyCount "120"]
[EventDate "2012.12.22"]
[EventType "swiss"]
[EventRounds "7"]
[EventCountry "GRE"]
[SourceTitle "EXT 2024"]
[Source "ChessBase"]
[SourceDate "2023.10.10"]
[SourceVersion "1"]
[SourceVersionDate "2023.10.10"]
[SourceQuality "1"]

1. d4 d5 2. c4 e6 3. Nc3 Nf6 4. cxd5 exd5 5. Bg5 Be7 6. e3 0-0 7. Bd3 c6 8. Qc2 Nbd7 9. Nge2 Re8 10. h3 h6 11. Bf4 Nf8 12. 0-0 Bd6 13. Rab1 Ne6 14. Bxd6 Qxd6 15. b4 b5 16. Ng3 g6 17. Nce2 Bd7 18. a3 a5 19. Qc3 a4 20. Rbc1 Ng5 21. Qc2 Kg7 22. Nc3 Ne6 23. Rce1 Re7 24. Qd2 Rae8 25. Nh1 Ng5 26. f3 Bc8 27. Bb1 Bd7 28. Na2 Kg8 29. Nc1 Bc8 30. h4 Ne6 31. Nd3 Ng7 32. Ne5 Nd7 33. f4 g5 34. hxg5 hxg5 35. Qc2 Nf6 36. fxg5 Ne4 37. Rf6 Nxf6 38. gxf6 Bf5 39. Qf2 Qxf6 40. Ng3 Qd6 41. Nxf5 Nxf5 42. Qxf5 Qh6 43. Ng4 Qh4 44. Rf1 Kg7 45. Nf6 Rh8 46. Qg4+ Kf8 47. Nd7+ Ke8 48. Qxh4 Rxh4 49. Ne5 Re6 50. Nxf7 Rxe3 51. Nd6+ Kd7 52. Nf5 Rhe4 53. Nxe3 Rxe3 54. Bf5+ Ke7 55. Rf3 Re1+ 56. Kf2 Rd1 57. Rd3 Rh1 58. Kg3 Rh6 59. Re3+ Kd6 60. Kf4 Rh4+ 1-0

[Event "Nikaia op-B 20th"]
[Site "Nikaia"]
[Date "2012.09.01"]
[Round "8.2"]
[White "Fakoudis, Ioannis"]
[Black "Lentzos, Ioanis"]
[Result "1-0"]
[WhiteElo "1793"]
[BlackElo "1679"]
[PlyCount "74"]
[EventDate "2012.08.26"]
[EventType "swiss"]
[EventRounds "9"]
[EventCountry "GRE"]
[SourceTitle "EXT 2024"]
[Source "ChessBase"]
[SourceDate "2023.10.10"]
[SourceVersion "1"]
[SourceVersionDate "2023.10.10"]
[SourceQuality "1"]

1. d4 f5 2. c4 g6 3. Nf3 Bg7 4. Nc3 Nf6 5. g3 0-0 6. Bg2 d6 7. 0-0 Nbd7 8. Ng5 Nb6 9. c5 dxc5 10. dxc5 Qxd1 11. Rxd1 Nc4 12. Nd5 c6 13. Nxe7+ Kh8 14. Nxc8 Raxc8 15. Ne6 Rfe8 16. Nxg7 Kxg7 17. b3 Ne5 18. Bb2 Nf7 19. e3 Rcd8 20. Kf1 Ng5 21. Ke2 Kf7 22. Bxf6 Kxf6 23. Rxd8 Rxd8 24. Rd1 Rxd1 25. Kxd1 Ne4 26. Bxe4 fxe4 27. Kd2 Kf5 28. h3 Ke5 29. Kc3 Kd5 30. b4 a5 31. a4 Ke5 32. Kc4 g5 33. bxa5 h5 34. g4 h4 35. Kc3 Ke6 36. Kd4 Kf6 37. Kxe4 Ke6 1-0

[Event "Nikaia op-B 20th"]
[Site "Nikaia"]
[Date "2012.08.27"]
[Round "3.2"]
[White "Androni, Dimitra Alexandra"]
[Black "Fakoudis, Ioannis"]
[Result "1/2-1/2"]
[WhiteElo "1575"]
[BlackElo "1793"]
[PlyCount "84"]
[EventDate "2012.08.26"]
[EventType "swiss"]
[EventRounds "9"]
[EventCountry "GRE"]
[SourceTitle "EXT 2024"]
[Source "ChessBase"]
[SourceDate "2023.10.10"]
[SourceVersion "1"]
[SourceVersionDate "2023.10.10"]
[SourceQuality "1"]

1. e4 d5 2. exd5 Qxd5 3. Nc3 Qa5 4. d4 Nf6 5. Bd2 c6 6. Nf3 Bf5 7. Bc4 Nbd7 8. 0-0 e6 9. Re1 Bb4 10. a3 Bxc3 11. Bxc3 Qc7 12. d5 cxd5 13. Bxd5 Nxd5 14. Qxd5 0-0 15. Qd4 Nf6 16. Qh4 Nd5 17. Be5 Qd8 18. Qg3 Bg6 19. Nh4 Rc8 20. c3 Rc6 21. Rad1 a6 22. Bd4 b5 23. b4 Qc7 24. Bc5 Qxg3 25. hxg3 Rfc8 26. Rc1 Bd3 27. Nf3 R6c7 28. Ne5 Bf5 29. c4 bxc4 30. Nxc4 Bg6 31. Nd6 Ra8 32. Bd4 f6 33. Rc5 Rxc5 34. bxc5 e5 35. Be3 Kf8 36. f4 Nxe3 37. Rxe3 exf4 38. gxf4 Ra7 39. Kf2 Rc7 40. Rc3 Ke7 41. Ke3 Kd7 42. Kd4 Kc6 1/2-1/2

[Event "GRE-ch U18"]
[Site "Nikaia"]
[Date "2012.01.05"]
[Round "4"]
[White "Sourgkounis, Angelos"]
[Black "Fakoudis, Ioannis"]
[Result "1-0"]
[WhiteElo "1882"]
[BlackElo "1761"]
[PlyCount "105"]
[EventDate "2012.01.03"]
[EventType "swiss"]
[EventRounds "9"]
[EventCountry "GRE"]
[SourceTitle "CBM 146 Extra"]
[Source "ChessBase"]
[SourceDate "2012.02.29"]
[SourceVersion "1"]
[SourceVersionDate "2012.02.29"]
[SourceQuality "1"]

1. d4 d5 2. Nf3 Nf6 3. e3 c5 4. b3 Bg4 5. Be2 Nc6 6. Bb2 e6 7. 0-0 Be7 8. h3 Bxf3 9. Bxf3 cxd4 10. exd4 0-0 11. a3 Qb6 12. Qd3 Rfd8 13. Re1 Ne8 14. b4 Bf6 15. c3 Nd6 16. Bc1 Rac8 17. Nd2 Ne7 18. Nb3 Qb5 19. Qc2 Qc6 20. Bd2 Nef5 21. Qa2 Nc4 22. Bf4 Nfd6 23. a4 b6 24. b5 Qd7 25. g4 Nb7 26. Rac1 Be7 27. Be2 Nba5 28. Nxa5 Nxa5 29. Bd3 Bd6 30. Bg5 Be7 31. Be3 Nc4 32. Qc2 g6 33. Bh6 Bf8 34. Bg5 Be7 35. Bxe7 Qxe7 36. f4 Qf6 37. Qf2 Re8 38. h4 Nd6 39. Kg2 Re7 40. h5 Rec7 41. g5 Qg7 42. Qd2 Nc4 43. Qa2 Qf8 44. Re2 Qd6 45. Kg3 Na5 46. hxg6 hxg6 47. Qb2 Kg7 48. Rh2 Nc4 49. Qe2 Na3 50. Qe1 Rh8 51. Rxh8 Kxh8 52. Kg4 Qf8 53. Qe5+ 1-0

[Event "GRE-ch U18"]
[Site "Nikaia"]
[Date "2012.01.04"]
[Round "3"]
[White "Pavlidis, Pavlos"]
[Black "Fakoudis, Ioannis"]
[Result "0-1"]
[WhiteElo "1384"]
[BlackElo "1761"]
[PlyCount "60"]
[EventDate "2012.01.03"]
[EventType "swiss"]
[EventRounds "9"]
[EventCountry "GRE"]
[SourceTitle "CBM 146 Extra"]
[Source "ChessBase"]
[SourceDate "2012.02.29"]
[SourceVersion "1"]
[SourceVersionDate "2012.02.29"]
[SourceQuality "1"]

1. e4 c5 2. Nf3 e6 3. d4 cxd4 4. Nxd4 a6 5. Nc3 Qc7 6. Be3 Bb4 7. Qd3 Nf6 8. f3 d5 9. Bd2 dxe4 10. fxe4 0-0 11. Be2 Rd8 12. Qe3 Bc5 13. Nxe6 Bxe3 14. Nxc7 Bxd2+ 15. Kf2 Ra7 16. Rad1 Nc6 17. N7d5 Nxd5 18. Nxd5 Bg5 19. h4 Bf6 20. e5 Be6 21. c4 Bxd5 22. exf6 Be6 23. fxg7 Kxg7 24. h5 h6 25. c5 Raa8 26. Rd6 Rxd6 27. cxd6 Rd8 28. Rd1 Bxa2 29. Bg4 Be6 30. Bf3 f5 0-1